| 000 | 00454nam a2200157 i 4500 | ||
|---|---|---|---|
| 001 | 157785 | ||
| 003 | ES-MaACL | ||
| 005 | 20230906210840.0 | ||
| 008 | 040818s1883 it |||| | ita d | ||
| 040 |
_aCAM _bspa _cCAM |
||
| 100 | 1 |
_aLioy, Paolo. _9128971 |
|
| 245 | 1 | 0 |
_aNotte / _cdi Paolo Lioy. |
| 260 |
_aBologna : _bNicola Zanichelli, _c1883. |
||
| 300 |
_aIV, 488 p. ; _c18 cm. |
||
| 852 |
_aES-MaACL _jC-3513 _z-- Rust. _z-- Legado M. de la Fuente |
||
| 999 |
_c157785 _d157785 |
||